| 000 | 00571nam a2200217 a 4500 | ||
|---|---|---|---|
| 999 |
_c577 _d577 |
||
| 008 | 190920r20052012ii ||||g |||| 001 0 eng d | ||
| 020 |
_a9788125904823 _cRs 450.00 |
||
| 040 |
_aKO _beng |
||
| 041 | 0 | _aeng | |
| 044 | _aii | ||
| 082 | 0 | 4 |
_223 _a512.5 _bSi643 |
| 100 | 0 | _aSurjeet Singh | |
| 245 | 1 | 0 |
_aLinear Algebra / _cSurjeet Singh |
| 260 |
_aNew Delhi : _bVikas Publishing House Pvt Ltd, _c2005 |
||
| 300 |
_aviii, 442 p. ; _c23.5 |
||
| 650 | 0 |
_aMathematics _vTextbooks |
|
| 650 | 0 |
_aMathematics _xAlgebra _vTextbooks |
|
| 904 | _aS_JOY | ||
| 942 | _cBK | ||